000 00439nam a22001577a 4500
005 20260302113736.0
008 260302b |||||||| |||| 00| 0 eng d
020 _a978-81-8483-486-4
041 _aMar.
100 _aकुलकर्णी, पी. के.
245 _aमानवी हक्क आणि सामाजिक न्याय
250 _a1st ed.
260 _aPune
_bDiamond
300 _a463
942 _cRF
999 _c370537
_d370537